000 00533 a2200181 4500
005 20250509080620.0
020 _a0442305117
050 _aQH 308.2
_bROG 1983
100 _aHoward,Rogers J
_eauthor
245 _aBacterial Cell Structure /
_cRogers,Howard J
264 _aU.K :
_bVan Nostrand Reinhold Ltd,
_cc.1983
300 _a90 Pages
_billustrations
336 _2rdacontent
_atext
_btxt
337 _2rdamedia
_aunmediated
_bn
338 _2rdacarrier
_avolume
_bnc
500 _aincludes index
942 _2lcc
_cBK
_h308.2
_iROG
_kQH
999 _c11536
_d11536